000
00305nam a22001337a 4500
020
_a
978-93-86224-44-6
082
_a
823
_b
NEE/R
100
_a
NEELAKANTAN, ANAND
245
_a
THE RISE OF SIVAGAMI
260
_a
DELHI
_b
WESTLAND PUBLICATIONS
_c
2017
300
_a
467
650
_a
NOVEL
_z
INDIA
942
_c
BK
999
_c
3605
_d
3605